[Event "26th WSCC 2016 Open 50+"]
[Site "Marianske Lazne, Czech Republic - Hotel Cristal and Continental"]
[Date "2016.11.28"]
[Round "9.10"]
[White "Berezjuk, Sergej"]
[Black "Chudinovskikh, Alexander M"]
[Result "1-0"]
[WhiteElo "2431"]
[BlackElo "2219"]
[PlyCount "73"]
[EventDate "2016.11.19"]

1. c4 c5 2. Nc3 g6 3. g3 Bg7 4. Bg2 Nc6 5. a3 Nf6 6. Rb1 a5 7. e4 d6 8. d3 O-O
9. Nge2 Bg4 10. h3 Bxe2 11. Nxe2 Ne8 12. O-O Nc7 13. Nf4 b5 14. h4 e5 15. Ne2
Nd4 16. Nxd4 cxd4 17. cxb5 Nxb5 18. h5 Qb6 19. Bd2 Nc7 20. hxg6 hxg6 21. f4 Qb5
22. Rf3 f5 23. fxe5 dxe5 24. b4 a4 25. Qc2 Rf7 26. Qa2 Raf8 27. Rbf1 Kh7 28.
Bh3 f4 29. Bg4 g5 30. Kg2 Rf6 31. Rc1 fxg3 32. Bf5+ Rxf5 33. exf5 Qd5 34. Qxd5
Nxd5 35. Bxg5 Bf6 36. Bd2 Nc3 37. Rxg3 1-0

[Event "26th WSCC 2016 Open 50+"]
[Site "Marianske Lazne, Czech Republic - Hotel Cristal and Continental"]
[Date "2016.11.28"]
[Round "9.11"]
[White "Kalegin, Evgenij"]
[Black "Chapman, Terry P D"]
[Result "1-0"]
[WhiteElo "2420"]
[BlackElo "2220"]
[PlyCount "71"]
[EventDate "2016.11.19"]

1. e4 c6 2. d4 d5 3. Nc3 dxe4 4. Nxe4 Bf5 5. Ng3 Bg6 6. Nf3 e6 7. h4 h6 8. h5
Bh7 9. Bd3 Bxd3 10. Qxd3 Nf6 11. Ne4 Be7 12. Bd2 Nxe4 13. Qxe4 Qd5 14. Qg4 Bf6
15. O-O c5 16. c4 Qxc4 17. Rfc1 Qa4 18. Rxc5 Na6 19. Ra5 Qd7 20. Ne5 Qd6 21.
Qe4 Bxe5 22. Rxe5 O-O 23. Qxb7 Rfb8 24. Qe4 Nc7 25. Qg4 Kf8 26. Re3 Ne8 27. Rg3
Rxb2 28. Bc1 Qb4 29. Bxb2 Qxb2 30. Rd1 Qxa2 31. d5 exd5 32. Qd7 a5 33. Re1 Qb2
34. Qxd5 Qb8 35. Rb3 Qc8 36. Rb7 1-0

[Event "26th WSCC 2016 Open 50+"]
[Site "Marianske Lazne, Czech Republic - Hotel Cristal and Continental"]
[Date "2016.11.28"]
[Round "9.12"]
[White "Kutynec, Vladimir"]
[Black "Tunik, Gennady"]
[Result "1/2-1/2"]
[WhiteElo "2295"]
[BlackElo "2404"]
[PlyCount "111"]
[EventDate "2016.11.19"]

1. e4 c5 2. Nf3 e6 3. d4 cxd4 4. Nxd4 a6 5. Nc3 Qc7 6. g3 Nc6 7. Bg2 h5 8. O-O
h4 9. Re1 hxg3 10. hxg3 d6 11. a4 Nf6 12. Nxc6 bxc6 13. a5 e5 14. Na4 Qxa5 15.
Be3 Qc7 16. Bb6 Qb7 17. c4 Be6 18. Qc2 c5 19. Ba5 Rb8 20. Ra3 Be7 21. Ree3 O-O
22. Reb3 Qc6 23. Rb6 Rxb6 24. Nxb6 Rb8 25. Nd5 Qb7 26. Bc3 Nxd5 27. cxd5 Bd7
28. f4 Bf6 29. fxe5 dxe5 30. Qf2 Rc8 31. Bf1 Bb5 32. Bh3 Re8 33. Ba5 Bd7 34.
Bxd7 Qxd7 35. Bb6 Rc8 36. Bxc5 Qg4 37. b4 Qxe4 38. d6 Qc4 39. Qa2 Qg4 40. Qf2
Rc6 41. Rd3 e4 42. Rd5 Qe6 43. Qf5 g6 44. Qxe6 fxe6 45. Rd1 Rc8 46. Rf1 Bg5 47.
Ra1 Rc6 48. d7 e5 49. Rd1 Bd8 50. Kf2 Kf7 51. Ke3 Ke6 52. Kxe4 a5 53. Rd5 axb4
54. Rxe5+ Kxd7 55. Rd5+ Ke6 56. Bxb4 1/2-1/2

[Event "26th WSCC 2016 Open 50+"]
[Site "Marianske Lazne, Czech Republic - Hotel Cristal and Continental"]
[Date "2016.11.28"]
[Round "9.13"]
[White "Rakhimov, Zinnour K"]
[Black "Fritsch, Rolf"]
[Result "1/2-1/2"]
[WhiteElo "2398"]
[BlackElo "2235"]
[PlyCount "93"]
[EventDate "2016.11.19"]

1. e4 g6 2. Bc4 Bg7 3. Nc3 d6 4. Nf3 Nf6 5. d3 c6 6. Bg5 h6 7. Bh4 Nbd7 8. O-O
e5 9. a4 a5 10. d4 O-O 11. dxe5 Nxe5 12. Be2 Re8 13. Qd2 Be6 14. Rab1 Qe7 15.
Rfd1 Rad8 16. Qe3 Rd7 17. Qa7 Nxf3+ 18. Bxf3 Qd8 19. h3 g5 20. Bg3 d5 21. exd5
Nxd5 22. Nxd5 cxd5 23. Qc5 d4 24. Qb5 Qc8 25. Rd2 Qa8 26. Re1 Red8 27. Rde2 Qa6
28. Qc5 Bf8 29. Qe5 Bg7 30. Qe4 Qb6 31. Be5 Bd5 32. Qf5 Bxf3 33. Qxf3 d3 34.
cxd3 Rxd3 35. Qh5 Rd1 36. Bxg7 Kxg7 37. h4 Qb4 38. Rxd1 Rxd1+ 39. Kh2 Qxh4+ 40.
Qxh4 gxh4 41. Re7 Rd4 42. Rxb7 Rxa4 43. Ra7 Rb4 44. Rxa5 Rxb2 45. f3 Rb4 46.
Kh3 Kg6 47. Rc5 1/2-1/2

[Event "26th WSCC 2016 Open 50+"]
[Site "Marianske Lazne, Czech Republic - Hotel Cristal and Continental"]
[Date "2016.11.28"]
[Round "9.14"]
[White "Schatz, Christian"]
[Black "Pastircak, Milan"]
[Result "1/2-1/2"]
[WhiteElo "2218"]
[BlackElo "2362"]
[PlyCount "30"]
[EventDate "2016.11.19"]

1. Nf3 d5 2. d4 Nf6 3. c4 c6 4. cxd5 cxd5 5. Nc3 Nc6 6. Bf4 a6 7. e3 Bg4 8. Be2
e6 9. O-O Be7 10. Ne5 Bxe2 11. Qxe2 Rc8 12. Rfc1 O-O 13. Nxc6 Rxc6 14. Na4 Qd7
15. Rc2 Rfc8 1/2-1/2

[Event "26th WSCC 2016 Open 50+"]
[Site "Marianske Lazne, Czech Republic - Hotel Cristal and Continental"]
[Date "2016.11.28"]
[Round "9.15"]
[White "Kozak, Milos"]
[Black "Buchal, Stephan"]
[Result "0-1"]
[WhiteElo "2159"]
[BlackElo "2339"]
[PlyCount "66"]
[EventDate "2016.11.19"]

1. d4 g6 2. Nf3 Bg7 3. c4 d6 4. g3 Nf6 5. Bg2 O-O 6. Nc3 Nc6 7. O-O a6 8. Re1
Rb8 9. Rb1 Bg4 10. h3 Bxf3 11. Bxf3 Nd7 12. e3 e5 13. d5 Ne7 14. Be2 f5 15. f4
Kh8 16. Kh2 Ng8 17. Bd2 Ngf6 18. b4 Qe7 19. Bd3 Rbe8 20. Qc2 Qd8 21. Rg1 c6 22.
dxc6 bxc6 23. Rbf1 a5 24. a3 axb4 25. axb4 d5 26. cxd5 cxd5 27. Rd1 Qb6 28. Rg2
Rc8 29. Qb1 Rfe8 30. Bb5 d4 31. Bxd7 Nxd7 32. Nd5 Qe6 33. exd4 exd4 0-1

[Event "26th WSCC 2016 Open 50+"]
[Site "Marianske Lazne, Czech Republic - Hotel Cristal and Continental"]
[Date "2016.11.28"]
[Round "9.16"]
[White "Grigoryan, Karen"]
[Black "Lacina, Adolf"]
[Result "1/2-1/2"]
[WhiteElo "2332"]
[BlackElo "2206"]
[PlyCount "72"]
[EventDate "2016.11.19"]

1. d4 Nf6 2. c4 e6 3. g3 d5 4. Bg2 dxc4 5. Qa4+ Nbd7 6. Nf3 a6 7. Nc3 Rb8 8.
Qxc4 b5 9. Qd3 Bb7 10. O-O c5 11. Bg5 Be7 12. Rfd1 O-O 13. dxc5 Bxc5 14. Rac1
Qb6 15. e3 Rbd8 16. Qe2 h6 17. Bxf6 Nxf6 18. Ne5 Bd6 19. Nf3 Bb4 20. a3 Rxd1+
21. Qxd1 Rd8 22. Qe2 Bc5 23. h3 Ne4 24. Nxe4 Bxe4 25. Ne5 Bxg2 26. Kxg2 Rd5 27.
Nf3 Bf8 28. Rc2 Qd8 29. a4 Qb6 30. axb5 Rxb5 31. Nd4 Qb7+ 32. Qf3 Rxb2 33. Rxb2
Qxb2 34. Qa8 Qb6 35. Nc6 g6 36. Nb8 a5 1/2-1/2

[Event "26th WSCC 2016 Open 50+"]
[Site "Marianske Lazne, Czech Republic - Hotel Cristal and Continental"]
[Date "2016.11.28"]
[Round "9.17"]
[White "Schroll, Gerhard"]
[Black "Kilicaslan, Hasan"]
[Result "1/2-1/2"]
[WhiteElo "2314"]
[BlackElo "2225"]
[PlyCount "43"]
[EventDate "2016.11.19"]

1. d4 d6 2. e4 g6 3. Nf3 Bg7 4. Bc4 e6 5. Qe2 Ne7 6. c3 a6 7. a4 b6 8. h4 h6 9.
Bf4 Nd7 10. Nbd2 Bb7 11. Bd3 d5 12. e5 c5 13. O-O cxd4 14. Nxd4 Nc6 15. Nxc6
Bxc6 16. Bxa6 Qxh4 17. Bg3 Qe7 18. Nf3 Nc5 19. Bb5 Bd7 20. Nd4 O-O 21. Qc2 Rfc8
22. Bh2 1/2-1/2

[Event "26th WSCC 2016 Open 50+"]
[Site "Marianske Lazne, Czech Republic - Hotel Cristal and Continental"]
[Date "2016.11.28"]
[Round "9.18"]
[White "Smolin, Sergey"]
[Black "Bergstrom, Rolf"]
[Result "1/2-1/2"]
[WhiteElo "2224"]
[BlackElo "2296"]
[PlyCount "63"]
[EventDate "2016.11.19"]

1. e4 b6 2. d4 Bb7 3. Bd3 Nf6 4. Qe2 Nc6 5. c3 e5 6. Nf3 Bd6 7. O-O O-O 8. d5
Ne7 9. Nbd2 Re8 10. Nc4 Nexd5 11. Nxd6 cxd6 12. Bc2 Nf4 13. Qd1 Nxe4 14. Bxf4
exf4 15. Re1 Qf6 16. Bb3 Ng5 17. Rxe8+ Rxe8 18. Bd5 Bxd5 19. Qxd5 Nxf3+ 20.
Qxf3 Qe5 21. h3 Qe2 22. Qxf4 Qxb2 23. Rd1 Qxc3 24. Qxd6 Rd8 25. Qe7 Qc8 26. Rd3
h6 27. Rg3 Re8 28. Qf6 g6 29. Rxg6+ fxg6 30. Qxg6+ Kf8 31. Qf6+ Kg8 32. Qg6+
1/2-1/2

[Event "26th WSCC 2016 Open 50+"]
[Site "Marianske Lazne, Czech Republic - Hotel Cristal and Continental"]
[Date "2016.11.28"]
[Round "9.19"]
[White "Thuesen, Mogens"]
[Black "Larsen, Peter"]
[Result "0-1"]
[WhiteElo "2207"]
[BlackElo "2248"]
[PlyCount "108"]
[EventDate "2016.11.19"]

1. d4 Nf6 2. Nf3 c5 3. d5 e6 4. Nc3 exd5 5. Nxd5 Nxd5 6. Qxd5 Be7 7. Bf4 O-O 8.
O-O-O Nc6 9. Kb1 Qa5 10. Qd2 d5 11. Qxa5 Nxa5 12. Rxd5 Be6 13. Rd1 Rfd8 14. Rc1
Bd6 15. Bxd6 Rxd6 16. e3 Rad8 17. b3 Kf8 18. Be2 Ke7 19. Rcd1 Bd5 20. Kc1 Nc6
21. Nh4 Be6 22. Rxd6 Rxd6 23. Nf3 Nb4 24. a3 Nd5 25. Rd1 Rb6 26. Kb2 Nf6 27.
Ne5 Ne4 28. f3 Nd6 29. Kc3 Nf5 30. e4 Nd4 31. Bc4 f6 32. Bxe6 fxe5 33. Bd5 Rd6
34. Kb2 b6 35. Re1 Rg6 36. Rg1 Ne2 37. Rd1 Rxg2 38. Rd2 Nf4 39. Rd1 Rxh2 40.
Bc6 Ne6 41. Rd7+ Kf6 42. Rd6 Rh6 43. Bd7 Ke7 44. Rd2 Nf8 45. Bf5 Rd6 46. Rh2 g6
47. Bc8 Kf6 48. b4 cxb4 49. axb4 h5 50. Rg2 Rd8 51. Bh3 Nh7 52. f4 exf4 53. e5+
Kg7 54. Bf5 Nf8 0-1

[Event "26th WSCC 2016 Open 50+"]
[Site "Marianske Lazne, Czech Republic - Hotel Cristal and Continental"]
[Date "2016.11.28"]
[Round "9.20"]
[White "Brito, Luismar"]
[Black "Grant, Jonathan I M"]
[Result "0-1"]
[WhiteElo "2242"]
[BlackElo "2218"]
[PlyCount "164"]
[EventDate "2016.11.19"]

1. b3 e5 2. Bb2 Nc6 3. e3 d6 4. c4 Nf6 5. Nc3 g6 6. Nf3 Bg7 7. d4 Bg4 8. Be2
O-O 9. O-O Re8 10. h3 Bf5 11. Qd2 e4 12. Nh2 h5 13. f4 exf3 14. Bxf3 Bh6 15.
Rae1 Qd7 16. Nd5 Nxd5 17. cxd5 Nd8 18. Qc3 Be4 19. Bxe4 Rxe4 20. Rf3 f5 21. Nf1
Nf7 22. Rc1 Ng5 23. Rf2 Re7 24. Rfc2 Rc8 25. Qb4 b6 26. Qc4 Ne4 27. Qc6 h4 28.
Ba3 Qxc6 29. Rxc6 Rd7 30. R1c2 Kf7 31. Bb4 Ke7 32. Be1 Bg5 33. g3 hxg3 34. Kg2
Nf6 35. Nxg3 Nxd5 36. Kf3 Rh8 37. h4 Bxh4 38. Rh2 Bf6 39. Rxh8 Bxh8 40. e4
fxe4+ 41. Kxe4 Ke6 42. Ne2 Rh7 43. Bg3 g5 44. Rc1 Bf6 45. a4 a5 46. Re1 Rh3 47.
Rc1 Bd8 48. Rf1 Be7 49. Rc1 Nf6+ 50. Kf3 Kd7 51. Kg2 Rh7 52. Nc3 c6 53. Kf3 Rf7
54. Kg2 Ng4 55. Re1 Bf6 56. Ne4 d5 57. Nxf6+ Nxf6 58. Rf1 Ke6 59. Rc1 Kd7 60.
Rf1 Rf8 61. Be5 Ke6 62. Bc7 b5 63. axb5 cxb5 64. Bxa5 Rc8 65. Kf3 Rc2 66. Bd8
Rc3+ 67. Ke2 Ne4 68. Rb1 g4 69. Ba5 g3 70. b4 Kf5 71. Rf1+ Kg4 72. Rf7 Rc2+ 73.
Kd3 Rf2 74. Rg7+ Kf3 75. Rf7+ Kg2 76. Rg7 Kf1 77. Bc7 Rf3+ 78. Kc2 Rc3+ 79. Kd1
Rxc7 80. Rxc7 g2 81. Rc1 g1=Q 82. Kc2+ Kg2 0-1

[Event "26th WSCC 2016 Open 50+"]
[Site "Marianske Lazne, Czech Republic - Hotel Cristal and Continental"]
[Date "2016.11.28"]
[Round "9.21"]
[White "Baimurzin, Aitkazy"]
[Black "Yuferev, Oleg"]
[Result "0-1"]
[WhiteElo "2132"]
[BlackElo "2239"]
[PlyCount "184"]
[EventDate "2016.11.19"]

1. c4 c5 2. Nc3 g6 3. g3 Bg7 4. Bg2 Nc6 5. e3 Nh6 6. Nge2 Nf5 7. a3 b6 8. Rb1
Bb7 9. d3 Qc8 10. b4 cxb4 11. axb4 Nxb4 12. e4 Na6 13. O-O Nd4 14. Nxd4 Bxd4
15. Nb5 Bg7 16. Bf4 O-O 17. Qe2 d6 18. d4 Qc6 19. d5 Qd7 20. Be3 Nc5 21. Bd4
Bxd4 22. Nxd4 e5 23. Nc2 f5 24. Bh3 Qg7 25. exf5 Bc8 26. f6 Rxf6 27. Bxc8 Rxc8
28. Nb4 Rcf8 29. Nc6 Rf3 30. Ra1 a5 31. Rab1 e4 32. Rxb6 e3 33. Rb8 Rxf2 34.
Rxf8+ Qxf8 35. Rxf2 Qxf2+ 36. Qxf2 exf2+ 37. Kxf2 a4 38. Ke2 Kf7 39. Kd2 Kf6
40. Kc3 a3 41. Nd4 Na4+ 42. Kb3 Nb6 43. Kxa3 Nxc4+ 44. Kb4 Ne3 45. Kb5 Ke5 46.
Ne6 Nxd5 47. Ng5 Nf6 48. Kc4 h5 49. Kd3 Ng4 50. Nf3+ Kd5 51. Ke2 Ne5 52. Ng5
Kd4 53. h3 d5 54. Ne6+ Ke4 55. Nc5+ Kf5 56. Nb3 Nc6 57. Nc5 Nd4+ 58. Ke3 Ne6
59. Nd7 g5 60. g4+ hxg4 61. hxg4+ Kxg4 62. Nf6+ Kh3 63. Nxd5 g4 64. Kf2 Kh2 65.
Ne3 g3+ 66. Kf3 Kh3 67. Ke4 Ng7 68. Kf4 Nh5+ 69. Kg5 Ng7 70. Kf4 Ne6+ 71. Ke4
Nc5+ 72. Kd4 Nd7 73. Ke4 Nf6+ 74. Kf3 Nh7 75. Kf4 Nf8 76. Kf5 Nd7 77. Ke4 Nc5+
78. Kd4 Na4 79. Ke4 Nc3+ 80. Kf3 Nb5 81. Ke4 Nd6+ 82. Kf3 Nf5 83. Nd5 Nd4+ 84.
Ke3 Kh2 85. Nf4 Ne6 86. Ne2 g2 87. Ke4 Ng5+ 88. Ke3 Nf7 89. Kf4 Nd6 90. Ke5 Nb5
91. Kf4 Kh1 92. Ke3 Nc3 0-1

[Event "26th WSCC 2016 Open 50+"]
[Site "Marianske Lazne, Czech Republic - Hotel Cristal and Continental"]
[Date "2016.11.28"]
[Round "9.22"]
[White "Semakoff, Aleks"]
[Black "Bartsch, Berthold"]
[Result "1-0"]
[WhiteElo "2084"]
[BlackElo "2279"]
[PlyCount "51"]
[EventDate "2016.11.19"]

1. e4 c5 2. Nf3 Nf6 3. Nc3 d5 4. exd5 Nxd5 5. Bb5+ Bd7 6. Qe2 Nxc3 7. dxc3 e6
8. Bf4 Qb6 9. Bc4 Bd6 10. Bxd6 Qxd6 11. Rd1 Qc7 12. Ne5 O-O 13. O-O Be8 14.
Rfe1 Nc6 15. Ng4 Rd8 16. Bd3 Ne7 17. h4 Bc6 18. Ne5 Be8 19. Ng4 b6 20. h5 Bc6
21. h6 Ng6 22. hxg7 Kxg7 23. g3 Rd5 24. Be4 Rg5 25. Qf3 Bxe4 26. Qf6+ 1-0

[Event "26th WSCC 2016 Open 50+"]
[Site "Marianske Lazne, Czech Republic - Hotel Cristal and Continental"]
[Date "2016.11.28"]
[Round "9.23"]
[White "Syrchikov, Alexander"]
[Black "Bartos, Jan"]
[Result "1/2-1/2"]
[WhiteElo "2416"]
[BlackElo "2151"]
[PlyCount "40"]
[EventDate "2016.11.19"]

1. Nf3 d5 2. d4 Nf6 3. c4 dxc4 4. Qa4+ Nc6 5. Qxc4 Be6 6. Qd3 Bg4 7. Nbd2 e5 8.
dxe5 Qxd3 9. exd3 Nd5 10. a3 O-O-O 11. g3 Re8 12. d4 f6 13. Bb5 Bd6 14. O-O
fxe5 15. dxe5 Bxe5 16. Nxe5 Rxe5 17. Nc4 Re6 18. Bxc6 bxc6 19. Ne3 Bf3 20. Nxd5
cxd5 1/2-1/2

[Event "26th WSCC 2016 Open 50+"]
[Site "Marianske Lazne, Czech Republic - Hotel Cristal and Continental"]
[Date "2016.11.28"]
[Round "9.24"]
[White "Stentebjerg-Hansen, Per"]
[Black "Gueci, Riccardo"]
[Result "1/2-1/2"]
[WhiteElo "2262"]
[BlackElo "2121"]
[PlyCount "27"]
[EventDate "2016.11.19"]

1. d4 e6 2. e4 b6 3. Nc3 Bb7 4. f4 g6 5. Nf3 Bg7 6. Bc4 Ne7 7. O-O a6 8. a4 d6
9. Qe2 O-O 10. Be3 Nd7 11. Bf2 h6 12. Rad1 Qe8 13. Nh4 d5 14. exd5 1/2-1/2

[Event "26th WSCC 2016 Open 50+"]
[Site "Marianske Lazne, Czech Republic - Hotel Cristal and Continental"]
[Date "2016.11.28"]
[Round "9.25"]
[White "Levrand, Roland"]
[Black "Boulard, Eric"]
[Result "1/2-1/2"]
[WhiteElo "2097"]
[BlackElo "2245"]
[PlyCount "81"]
[EventDate "2016.11.19"]

1. e4 Nf6 2. e5 Nd5 3. g3 d6 4. exd6 exd6 5. Bg2 Nf6 6. Ne2 d5 7. O-O Be7 8. c4
dxc4 9. Qa4+ c6 10. Qxc4 Be6 11. Qc2 Qd7 12. Nf4 Bf5 13. Qd1 Na6 14. d4 Nb4 15.
Na3 O-O 16. Re1 h6 17. Bd2 Rfe8 18. Qb3 a5 19. Nc4 a4 20. Qc3 Nc2 21. Nb6 Qd8
22. Rxe7 Rxe7 23. Nxa8 Nxa1 24. Qc5 Ne4 25. Bxe4 Bxe4 26. Ba5 Qe8 27. Nc7 Rxc7
28. Bxc7 Nc2 29. a3 Ne1 30. Kf1 Nf3 31. h3 g5 32. Nh5 Bd3+ 33. Kg2 Ne1+ 34. Kh2
Nf3+ 35. Kg2 Ne1+ 36. Kh2 Qe2 37. Nf6+ Kg7 38. Nh5+ Kg8 39. Nf6+ Kg7 40. Nh5+
Kh7 41. Nf6+ 1/2-1/2

[Event "26th WSCC 2016 Open 50+"]
[Site "Marianske Lazne, Czech Republic - Hotel Cristal and Continental"]
[Date "2016.11.28"]
[Round "9.26"]
[White "Yakimenko, Alexander A"]
[Black "Gollain, Marc"]
[Result "1-0"]
[WhiteElo "2240"]
[BlackElo "2097"]
[PlyCount "99"]
[EventDate "2016.11.19"]

1. e4 c5 2. Nf3 d6 3. Bb5+ Nd7 4. a4 a6 5. Bc4 Ngf6 6. O-O g6 7. Re1 Bg7 8. c3
Ne5 9. Nxe5 dxe5 10. a5 O-O 11. d3 Qc7 12. Nd2 Bd7 13. Qb3 Ne8 14. Nf1 Nd6 15.
Ne3 e6 16. Qc2 Rac8 17. Ng4 h5 18. Ne3 Kh7 19. Qe2 Qd8 20. Nf1 Qh4 21. Bb3 Bh6
22. Bxh6 Kxh6 23. Nd2 Qe7 24. Nf3 f6 25. d4 cxd4 26. cxd4 exd4 27. e5 Nf5 28.
Nxd4 Nxd4 29. Qd2+ Kg7 30. Qxd4 f5 31. Rad1 Bc6 32. Qf4 Rfe8 33. Rd6 Qf7 34.
Qg5 Rc7 35. f4 Qe7 36. Qg3 Qf7 37. Red1 Ree7 38. Qe3 Be4 39. R1d4 Bc6 40. Qd2
Kh7 41. Qb4 Re8 42. Qb6 Ree7 43. Bxe6 Qg7 44. Bb3 Rcd7 45. Qb4 Be4 46. Qd2 Bc6
47. Qd1 Bb5 48. Be6 Rxd6 49. Rxd6 Rc7 50. Bxf5 1-0

[Event "26th WSCC 2016 Open 50+"]
[Site "Marianske Lazne, Czech Republic - Hotel Cristal and Continental"]
[Date "2016.11.28"]
[Round "9.27"]
[White "Habibi, Ali"]
[Black "Vepkhvishvili, Varlam"]
[Result "0-1"]
[WhiteElo "2225"]
[BlackElo "2086"]
[PlyCount "100"]
[EventDate "2016.11.19"]

1. Nf3 Nf6 2. g3 d5 3. d3 c6 4. Bg2 Bf5 5. Nbd2 e6 6. O-O Be7 7. Qe1 h6 8. e4
Bh7 9. Qe2 O-O 10. Kh1 Nbd7 11. Ne1 a5 12. a4 Qb6 13. f4 Qa6 14. e5 Ne8 15. g4
Nc7 16. Ndf3 b5 17. g5 hxg5 18. fxg5 b4 19. b3 c5 20. Nh4 Rac8 21. Qe3 c4 22.
d4 cxb3 23. cxb3 Be4 24. Rf2 Bxg2+ 25. Kxg2 g6 26. Qf4 Ne8 27. Bd2 Ng7 28. Rc1
Rxc1 29. Bxc1 Nf5 30. Nxf5 exf5 31. Qf3 Rc8 32. Bd2 Qb7 33. h4 Nf8 34. Qd3 Ne6
35. Kf1 Qb6 36. Nf3 Rc6 37. Rh2 Ng7 38. Rh1 Nh5 39. Kf2 Qc7 40. Ne1 Qc8 41. Rh2
Bd8 42. Qb5 Qe6 43. Qd3 Bb6 44. Kf1 f4 45. Rf2 Qg4 46. Qf3 Qxh4 47. Bxf4 Rc3
48. Be3 Ng3+ 49. Kg1 Nf5 50. Ng2 Qe4 0-1

[Event "26th WSCC 2016 Open 50+"]
[Site "Marianske Lazne, Czech Republic - Hotel Cristal and Continental"]
[Date "2016.11.28"]
[Round "9.28"]
[White "Tesar, Jan"]
[Black "Malinin, Vasily B"]
[Result "1-0"]
[WhiteElo "2072"]
[BlackElo "2220"]
[PlyCount "139"]
[EventDate "2016.11.19"]

1. d4 Nc6 2. g3 e5 3. d5 Nce7 4. Bg2 Ng6 5. Nf3 Bc5 6. Nbd2 f5 7. Nb3 Bb6 8.
Bg5 Nf6 9. h4 e4 10. Nfd4 d6 11. Bh3 h6 12. Be3 Nxd5 13. Bxf5 Bxf5 14. Nxf5
Nxe3 15. fxe3 O-O 16. Qd5+ Kh8 17. O-O-O Ne7 18. Nxe7 Bxe3+ 19. Kb1 Qxe7 20.
Qxb7 a5 21. Rhf1 Rfb8 22. Qd5 a4 23. Nd4 a3 24. b3 Rf8 25. c3 Rab8 26. Nf5 c6
27. Qxd6 Qxd6 28. Nxd6 Bb6 29. Nc4 Bc5 30. Ne5 Rfc8 31. Rd7 Kh7 32. Rff7 Rg8
33. Nxc6 Rb6 34. Nd4 Rg6 35. Nf5 h5 36. b4 Bf2 37. Ne7 Bxg3 38. Nxg6 Kxg6 39.
Rfe7 Bxh4 40. Rxe4 Bf6 41. c4 Kf5 42. Re3 g5 43. Rxa3 g4 44. Ra5+ Be5 45. Re7
g3 46. Rexe5+ Kf4 47. e3+ Kg4 48. Re4+ Kf3 49. Rf4+ Kxe3 50. Rf1 Ke2 51. Rc1 h4
52. Rh5 Rg4 53. b5 g2 54. Kb2 Rxc4 55. Rxc4 g1=Q 56. Rhxh4 Qb6 57. a4 Kf1 58.
Rhd4 Ke2 59. Kb3 Qa7 60. Re4+ Kf3 61. Re6 Qd7 62. Rec6 Qd1+ 63. Kb4 Qd2+ 64.
Rc3+ Ke4 65. b6 Qb2+ 66. Ka5 Kd5 67. Ka6 Qe2+ 68. Ka7 Qa2 69. R3c5+ Kd4 70. a5
1-0

[Event "26th WSCC 2016 Open 50+"]
[Site "Marianske Lazne, Czech Republic - Hotel Cristal and Continental"]
[Date "2016.11.28"]
[Round "9.29"]
[White "Schneider, Alexander"]
[Black "Hartung-Nielsen, Jens"]
[Result "0-1"]
[WhiteElo "2058"]
[BlackElo "2200"]
[PlyCount "48"]
[EventDate "2016.11.19"]

1. e4 d5 2. exd5 Nf6 3. Nf3 Bg4 4. Be2 Qxd5 5. Nc3 Qh5 6. h3 Nc6 7. d3 e5 8.
Rh2 Bxf3 9. Bxf3 Qf5 10. Bxc6+ bxc6 11. g4 Qe6 12. f4 O-O-O 13. Qf3 Nd5 14. Re2
Bb4 15. Rxe5 Qd6 16. Bd2 Bxc3 17. Bxc3 Rhe8 18. Kd2 f6 19. Rxe8 Rxe8 20. g5
fxg5 21. Qg4+ Kb7 22. Qxg5 Nxf4 23. Re1 Nxh3 24. Qg2 Qf4+ 0-1

[Event "26th WSCC 2016 Open 50+"]
[Site "Marianske Lazne, Czech Republic - Hotel Cristal and Continental"]
[Date "2016.11.28"]
[Round "9.30"]
[White "Kolesar, Milan"]
[Black "Juricek, Stanislav"]
[Result "1/2-1/2"]
[WhiteElo "2194"]
[BlackElo "2043"]
[PlyCount "115"]
[EventDate "2016.11.19"]

1. Nf3 d6 2. d4 Bg4 3. g3 Bxf3 4. exf3 Nd7 5. f4 Ngf6 6. Bg2 d5 7. c4 c6 8.
cxd5 Nxd5 9. O-O e6 10. b3 Be7 11. Bb2 O-O 12. Nd2 g6 13. Ne4 a5 14. a3 Qb6 15.
h4 Rfe8 16. Re1 Rad8 17. Rc1 Bf8 18. Nd2 N7f6 19. Nc4 Qc7 20. Qd2 Ra8 21. Bf3
Red8 22. Kg2 h5 23. Red1 Qe7 24. Nxa5 Qc7 25. b4 Bh6 26. Qe1 Rd7 27. Nc4 Bf8
28. Ne5 Rdd8 29. Nd3 Bd6 30. Nc5 Qe7 31. Ne4 Nxe4 32. Qxe4 Qd7 33. Rh1 Qe7 34.
Qc2 Rd7 35. Qb3 Rdd8 36. Rce1 Qf8 37. Ra1 Be7 38. Rhc1 Ra6 39. Be2 Raa8 40. b5
cxb5 41. Bxb5 Bf6 42. Rd1 Rac8 43. Rd2 Rc7 44. a4 Rdc8 45. Bd3 Qd8 46. Be4 Qd7
47. a5 Rc4 48. Ra2 R8c7 49. Qf3 Kg7 50. Ra3 Rb4 51. a6 bxa6 52. Rxa6 Qb5 53.
Ra2 Rb3 54. Qd1 Nc3 55. Bxc3 Rbxc3 56. Qa4 Qxa4 57. Rxa4 R3c4 58. Rxc4 1/2-1/2

[Event "26th WSCC 2016 Open 50+"]
[Site "Marianske Lazne, Czech Republic - Hotel Cristal and Continental"]
[Date "2016.11.28"]
[Round "9.31"]
[White "Maslak, Alexander"]
[Black "Fox, Anthony"]
[Result "1-0"]
[WhiteElo "2186"]
[BlackElo "1986"]
[PlyCount "81"]
[EventDate "2016.11.19"]

1. e4 e5 2. Nf3 Nc6 3. Bb5 a6 4. Ba4 Nf6 5. O-O Be7 6. Re1 b5 7. Bb3 d6 8. c3
O-O 9. h3 Bb7 10. d4 Re8 11. Nbd2 Bf8 12. a3 h6 13. Ba2 Nb8 14. d5 Nbd7 15. c4
c6 16. Qe2 cxd5 17. cxd5 Qc7 18. b4 Nb6 19. Nb3 Rec8 20. Na5 Na4 21. Bd2 Qd7
22. Bb3 Be7 23. Bxa4 bxa4 24. Rac1 Bd8 25. Nc4 a5 26. Nxa5 Rxc1 27. Rxc1 Bxa5
28. bxa5 Ba6 29. Qe3 Qb5 30. Bb4 Qd3 31. Bxd6 Nxe4 32. Qxd3 Bxd3 33. Bc7 f6 34.
d6 Bb5 35. Rb1 Bd7 36. Ne1 Kf7 37. Nd3 Nc3 38. Rb7 Bc8 39. Rb8 Rxb8 40. Bxb8
Nb5 41. Nc5 1-0

[Event "26th WSCC 2016 Open 50+"]
[Site "Marianske Lazne, Czech Republic - Hotel Cristal and Continental"]
[Date "2016.11.28"]
[Round "9.32"]
[White "Sielicki, Tomasz"]
[Black "Chan, Peng Kong"]
[Result "1/2-1/2"]
[WhiteElo "1947"]
[BlackElo "2233"]
[PlyCount "95"]
[EventDate "2016.11.19"]

1. d4 Nf6 2. Bg5 g6 3. e3 Bg7 4. Bd3 O-O 5. Nd2 d5 6. f4 c5 7. c3 Qb6 8. Rb1
Nc6 9. Ngf3 Qc7 10. O-O b6 11. Ne5 Bb7 12. Qe1 Ne8 13. Qh4 Nxe5 14. fxe5 f6 15.
exf6 exf6 16. Bh6 Nd6 17. Rf3 Bxh6 18. Qxh6 Qg7 19. Qf4 Qe7 20. Rg3 Rf7 21. Rf1
Re8 22. h4 c4 23. Bxg6 hxg6 24. Rxg6+ Rg7 25. Rxf6 Ne4 26. Nxe4 Qxe4 27. Rf8+
Kh7 28. Rf3 Qxf4 29. R8xf4 Bc8 30. Kf2 Reg8 31. Rf7 Be6 32. Rxg7+ Rxg7 33. Rf6
Rg6 34. Rxg6 Kxg6 35. Kf3 Kh5 36. g3 b5 37. Kf4 a5 38. a3 Bf7 39. Kf3 Bg6 40.
Kf4 Be4 41. Ke5 Kg4 42. Kd6 a4 43. Kc5 Kh5 44. Kxb5 Bc2 45. Kc5 Be4 46. Kb4 Bc2
47. Kc5 Be4 48. Kb4 1/2-1/2

[Event "26th WSCC 2016 Open 50+"]
[Site "Marianske Lazne, Czech Republic - Hotel Cristal and Continental"]
[Date "2016.11.28"]
[Round "9.33"]
[White "Tiedt, Gunter"]
[Black "Barron, Michael"]
[Result "1/2-1/2"]
[WhiteElo "2020"]
[BlackElo "2189"]
[PlyCount "126"]
[EventDate "2016.11.19"]

1. e4 e5 2. Nf3 Nc6 3. Bc4 Bc5 4. c3 Nf6 5. d4 exd4 6. cxd4 Bb4+ 7. Bd2 Bxd2+
8. Nbxd2 d5 9. exd5 Nxd5 10. Qb3 Nce7 11. O-O O-O 12. Rfe1 c6 13. Ne4 h6 14.
Nc3 Nb6 15. Bd3 Bg4 16. Be4 Be6 17. Qc2 Re8 18. Rad1 Ned5 19. Bxd5 Nxd5 20. a3
Qf6 21. Re5 Nf4 22. Rde1 Red8 23. Qd2 Bd5 24. Nxd5 Nxd5 25. Qc2 Qd6 26. Qc5 Qg6
27. Nh4 Qg4 28. R5e4 Qd7 29. Nf3 Re8 30. Qc2 Rxe4 31. Qxe4 Nf6 32. Qe7 Re8 33.
Qxd7 Rxe1+ 34. Nxe1 Nxd7 35. Kf1 Kf8 36. Ke2 Ke7 37. Kd3 Kd6 38. Nc2 a5 39. Ne3
Ke6 40. Nc4 a4 41. Na5 Kd5 42. Nxb7 h5 43. f3 h4 44. Kc3 f5 45. g3 h3 46. Kd3
Nf6 47. Nc5 Nh5 48. Nxa4 Nxg3 49. Nc3+ Kd6 50. Ne2 Nf1 51. Nf4 Nxh2 52. Ke2 g5
53. Nxh3 g4 54. fxg4 fxg4 55. Nf4 Nf3 56. Ke3 Nh4 57. a4 g3 58. b4 g2 59. Kf2
Nf3 60. Kxg2 Nxd4 61. Kf2 Ke5 62. Nd3+ Ke4 63. Nc5+ Kd5 1/2-1/2